Uganda's approach to universal access & communications development funding : (Record no. 13146)
[ view plain ]
| 000 -LEADER | |
|---|---|
| fixed length control field | 00715nam a22002052 4500 |
| 001 - CONTROL NUMBER | |
| control field | 0000008931 |
| 005 - DATE AND TIME OF LATEST TRANSACTION | |
| control field | 20151217155837.0 |
| 008 - FIXED-LENGTH DATA ELEMENTS--GENERAL INFORMATION | |
| fixed length control field | 080620s xx 000 0 eng d |
| 020 ## - INTERNATIONAL STANDARD BOOK NUMBER | |
| Terms of availability | KES |
| 040 ## - CATALOGING SOURCE | |
| Original cataloging agency | KABU |
| Transcribing agency | KABU |
| 245 10 - TITLE STATEMENT | |
| Title | Uganda's approach to universal access & communications development funding : |
| Remainder of title | a guide book for policy makers and regulators. |
| 260 ## - PUBLICATION, DISTRIBUTION, ETC. (IMPRINT) | |
| Place of publication, distribution, etc. | Kampala : |
| Name of publisher, distributor, etc. | U. C. C., |
| Date of publication, distribution, etc. | 2004. |
| 300 ## - PHYSICAL DESCRIPTION | |
| Extent | x, 102 p. |
| 650 #0 - SUBJECT ADDED ENTRY--TOPICAL TERM | |
| Topical term or geographic name as entry element | Telephone |
| General subdivision | Government policy |
| Geographic subdivision | Uganda. |
| -- | 0000159728 |
| 650 #0 - SUBJECT ADDED ENTRY--TOPICAL TERM | |
| Topical term or geographic name as entry element | Uganda Communications Commission. |
| -- | 0000159729 |
| 700 1# - ADDED ENTRY--PERSONAL NAME | |
| Personal name | Uganda Communications Commission. |
| -- | 0000159739 |
| 908 ## - PUT COMMAND PARAMETER (RLIN) | |
| Put command parameter | 080620 |
| 950 ## - LOCAL HOLDINGS (RLIN) | |
| -- | 1 |
| Withdrawn status | Lost status | Source of classification or shelving scheme | Not for loan | Home library | Current library | Date acquired | Total Checkouts | Full call number | Barcode | Date last seen | Price effective from | Koha item type |
|---|---|---|---|---|---|---|---|---|---|---|---|---|
| Library of Congress Classification | Kabarak, Main Campus | Kabarak, Main Campus | 17/12/2015 | HE9534 .Z5U332 c. 1 | 012324 | 17/12/2015 | 17/12/2015 | Africana Collection |